| 000 | 00664nam a22001337a 4500 | ||
|---|---|---|---|
| 040 | _cRUA | ||
| 082 | _aAVM HAY 2018 B649 Or.1 | ||
| 100 | _aHAY CHITRA ហៃ ចិត្រា | ||
| 245 | _ahaemoparasites in domestic chicken ( Gallus Gallus dommesticus L.) at chhuk commune, chhuk district, kompot province បរាសិតក្នុងឈាមមាន់ពូជក្នុងស្រុកនៅឃុំ ឈូក ស្រុកឈូក ខេត្តកំពត | ||
| 260 |
_aRUA _bphnom penh _c2018 |
||
| 300 |
_aix;34p _bill; _c29cm |
||
| 856 | _uhttps://drive.google.com/file/d/1XtLEpWMX8fI3Umg1_DGm2vN295QmtAOI/view?usp=sharing | ||
| 942 | _cAVM | ||
| 999 |
_c18328 _d18328 |
||